Программа и методические указания по преддипломной практике для студентов, обучающихся по специальности 120100 "Технология машиностроения"
| Autor corporatiu: | |
|---|---|
| Altres autors: | , , |
| Sumari: | Заглавие с титульного экрана Электронная версия печатной публикации Текстовый файл AM_Library_network |
| Idioma: | rus |
| Publicat: |
Томск, Изд-во ТПУ, 2003
|
| Matèries: | |
| Accés en línia: | http://www.lib.tpu.ru/fulltext3/mv/2007/mv61.pdf |
| Format: | MixedMaterials Electrònic Llibre |
| KOHA link: | https://koha.lib.tpu.ru/cgi-bin/koha/opac-detail.pl?biblionumber=114783 |
MARC
| LEADER | 00000nam0a2200000 4500 | ||
|---|---|---|---|
| 001 | 114783 | ||
| 005 | 20260407115905.0 | ||
| 035 | |a (RuTPU)RU\TPU\book\124136 | ||
| 090 | |a 114783 | ||
| 100 | |a 20070426d2003 k y0rusy50 ca | ||
| 101 | 0 | |a rus | |
| 102 | |a RU | ||
| 105 | |a y j 001zy | ||
| 135 | |a vrcn ---uucaa | ||
| 181 | 0 | |a i |b e | |
| 182 | 0 | |a b | |
| 183 | 0 | |a cr |2 RDAcarrier | |
| 200 | 1 | |a Программа и методические указания по преддипломной практике для студентов, обучающихся по специальности 120100 "Технология машиностроения" |f Томский политехнический университет; сост. А. И. Афоносов; Е. П. Михаевич; В. Ф. Скворцов | |
| 203 | |a Текст |c электронный |b визуальный | ||
| 210 | |a Томск |c Изд-во ТПУ |d 2003 | ||
| 283 | |a online_resource |2 RDAcarrier | ||
| 300 | |a Заглавие с титульного экрана | ||
| 300 | |a Электронная версия печатной публикации | ||
| 336 | |a Текстовый файл | ||
| 371 | 0 | |a AM_Library_network | |
| 452 | 1 | |0 (RuTPU)RU\TPU\book\82883 |t Программа и методические указания по преддипломной практике для студентов, обучающихся по специальности 120100 "Технология машиностроения" |f Томский политехнический университет; Сост. А. И. Афоносов, Е. П. Михаевич, В. Ф. Скворцов |c Томск |n Изд-во ТПУ |d 2003 |p 20 с. | |
| 610 | 1 | |a машиностроение | |
| 610 | 1 | |a технология | |
| 610 | 1 | |a преддипломная практика | |
| 610 | 1 | |a отчеты | |
| 610 | 1 | |a оформление | |
| 610 | 1 | |a программы | |
| 610 | 1 | |a методические указания | |
| 610 | 1 | |a труды учёных ТПУ | |
| 610 | 1 | |a электронный ресурс | |
| 675 | |a 621.002(076.5) |v 3 | ||
| 702 | 1 | |a Афоносов |b А. И. |4 220 | |
| 702 | 1 | |a Михаевич |b Е. П. |c специалист в области машиностроения |c доцент Томского политехнического университета, кандидат технических наук |f 1940- |g Евгений Петрович |3 (RuTPU)RU\TPU\pers\27366 |4 220 |9 12718 | |
| 702 | 1 | |a Скворцов |b В. Ф. |c специалист в области машиностроения |c доцент Томского политехнического университета, кандидат технических наук |f 1947- |g Владимир Федорович |3 (RuTPU)RU\TPU\pers\25590 |4 220 |9 11520 | |
| 712 | 0 | 2 | |a Томский политехнический университет |
| 801 | 1 | |a RU |b 63413507 |c 20070426 |g PSBO | |
| 801 | 2 | |a RU |b 63413507 |c 20150520 |g PSBO | |
| 856 | 4 | 0 | |u http://www.lib.tpu.ru/fulltext3/mv/2007/mv61.pdf |z http://www.lib.tpu.ru/fulltext3/mv/2007/mv61.pdf |
| 942 | |c CF | ||